| 000 | 00794nam a2200265Ia 4500 | ||
|---|---|---|---|
| 001 | Z_271 | ||
| 003 | CHAP | ||
| 008 | 220113s1989 xx 000 0 und d | ||
| 010 | _a163246 | ||
| 040 | _cCHAP | ||
| 090 | _aTesis A 455 | ||
| 100 |
_aAlfaro Ramos, Ariel _93917 |
||
| 245 |
_aEl uso de modelos econométricos en la programación de créditos ganaderos en La Fraylesca, Chiapas / _cAriel Alfaro Ramos |
||
| 260 |
_aChapingo, Méx. : _bEl autor, _c1989 |
||
| 300 | _a113 h. | ||
| 502 | _aTesis (Ing. Agrónomo Esp. en Zootecnia) -- UACH Departamento de Zootecnia | ||
| 650 |
_aCrédito ganadero _xChiapas _929106 |
||
| 650 |
_aGanadería _xMétodos estadísticos _944825 |
||
| 901 | _aTESIS A 455 | ||
| 902 | _aM | ||
| 910 | _a1989 | ||
| 942 | _c2 | ||
| 942 | _c2 | ||
| 999 |
_c163246 _d163246 |
||